| 000 | 02813cam a22004454i 4500 | ||
|---|---|---|---|
| 003 | PE-LiUPU | ||
| 005 | 20250731165406.0 | ||
| 008 | 151012s2014 pe a grm 000 0 spa d | ||
| 035 | _a(Sirsi) a154830 | ||
| 040 |
_aPE-LiUPU _bspa _cPE-LiUPU _erda |
||
| 099 |
_aTE 3 _bJ87 2014 |
||
| 100 | 1 |
_aJulca Chuquista, Edgar Moisés _eautor |
|
| 245 | 1 | 3 |
_aEl liderazgo del equipo directivo y su relación con el desempeño docente, en la Asociación Educativa Adventista Sur Oriental del Perú, 2014 / _cEdgar Moisés Julca Chuquista. |
| 264 | 0 | _c2014. | |
| 300 |
_a90 hojas : _bilustraciones; _c30 cm |
||
| 336 |
_atext _2rdacontent |
||
| 337 |
_aunmediated _2rdamedia |
||
| 338 |
_avolume _2rdacarrier |
||
| 502 |
_aTesis _b(Mg.) -- _cUniversidad Peruana Unión, _d2014. |
||
| 504 | _aIncluye referencias bibliográficas | ||
| 520 | 3 | _aShene Anderson (2010), en "¿Cómo matar la educación adventista?", afirma que después del liderazgo del Espíritu Santo, la mayor necesidad de una escuela, es encontrar el líder educado para dirigirla, hoy necesitamos, Josués, Gedeones, Davids y Pablos, así como fueron necesitados hace mucho tiempo, para ver la obra de Dios llegar a su realización. En el ámbito educativo, en estos tiempos, el liderazgo se ha convertido en el tema central y elemento básico de cualquier intento de modernización educativa y, con ello, el mejoramiento del desempeño docente. Por lo tanto, es impostergable la necesidad de investigar y publicar los resultados obtenidos en esta modesta investigación, para ayudar a quienes tienen la responsabilidad de dirigir instituciones educativas, nuestras asociaciones educativas, misiones y uniones. En tal sentido, el liderazgo empleado por los directivos con el fin de poner en acción a su equipo para la abstención de logros y metas tiene una relación directa con el desempeño docente que muestren los maestros bajo su dirección y, para lograrlo es indispensable que los líderes educativos consideren que sus acciones son vitales para el desenvolvimiento adecuado del maestro y para alcanzar las metas académicas. Este estudio es un pequeño aporte, fruto de la dedicación y preocupación en el futuro de nuestra educación, esperando que sea de mucho provecho. | |
| 526 | _aSEG44 | ||
| 526 | _aSEG26 | ||
| 526 | _aP151 | ||
| 526 | _aP150 | ||
| 526 | _aP149 | ||
| 526 | _aP146 | ||
| 526 | _aP145 | ||
| 526 | _aP126 | ||
| 526 | _aP125 | ||
| 526 | _aP92 | ||
| 526 | _aP75 | ||
| 526 | _aP74 | ||
| 526 | _aP27 | ||
| 526 | _aP15 | ||
| 650 | 1 | 4 |
_aProfesores _xAdministración escolar _xLiderazgo _vTesis. |
| 596 | _a1 | ||
| 942 |
_2ddc _cTESIS |
||
| 999 |
_aTE 3 J87 2014 _wALPHANUM _c7528 _iT01764 _lCCODEBUL3 _mBUL _r1 _sY _tTESIS _u2015-10-12 _xPOSGRADO _PP57 _o.STAFF. Tesis _d7528 |
||
| 980 |
_81 _gALBERTO SANCHEZ Responsable de Automatización |
||